00404nam a22001217a 4500082001700000245004800017300002100065526003700086650001300123942001200136999001900148952011500167 a954.031bBID aEarly Indian Campaigns and Medals 1799-1849 ap;172billc15cm a0b0c0d954_031000000000000_BID aMCE9379 2ddccBK c553246d553246 00102ddc4070aMCEbMCEcArchive Sectiond2015-02-03l0o954.031 BIDpMCE-ECE/18r2015-02-03w2015-02-03yBK